手作铁丝小庭园 (Record no. 66385)

000 -LEADER
fixed length control field 00466nam a22001817a 4500
003 - CONTROL NUMBER IDENTIFIER
control field MPLRDC
005 - DATE AND TIME OF LATEST TRANSACTION
control field 20220104195836.0
008 - FIXED-LENGTH DATA ELEMENTS--GENERAL INFORMATION
fixed length control field 210129b ||||| |||| 00| 0 eng d
020 ## - INTERNATIONAL STANDARD BOOK NUMBER
International Standard Book Number 978-986-5865-43-6
082 ## - DEWEY DECIMAL CLASSIFICATION NUMBER
Classification number 435.8 ATYWZ
100 ## - MAIN ENTRY--PERSONAL NAME
Personal name 奥田 由味子 YUMIKO OKUDA
245 ## - TITLE STATEMENT
Title 手作铁丝小庭园
Statement of responsibility, etc. 沙子芳 译
250 ## - EDITION STATEMENT
Edition statement 初版一刷
260 ## - PUBLICATION, DISTRIBUTION, ETC.
Place of publication, distribution, etc. 台湾
Name of publisher, distributor, etc. 积木文化
Date of publication, distribution, etc. 2014
300 ## - PHYSICAL DESCRIPTION
Other physical details
650 ## - SUBJECT ADDED ENTRY--TOPICAL TERM
Topical term or geographic name entry element 盆栽
942 ## - ADDED ENTRY ELEMENTS (KOHA)
Koha item type Book
-- 435.8 ATYWZ
Holdings
Withdrawn status Lost status Source of classification or shelving scheme Damaged status Not for loan Collection code Home library Current library Shelving location Date acquired Cost, normal purchase price Total Checkouts Full call number Barcode Date last seen Date last checked out Price effective from Koha item type Public note
            Malaysian Public Library, Research and Development Centre Malaysian Public Library, Research and Development Centre   11/06/2016 45.80   435.8 ATYWZ 00060110 18/03/2021 04/01/2017 18/03/2021 Book mplrdc

© 2022. Malaysian Public Library, Research and Development Centre. All Right ReservedE-mailmplrdc@help.edu.my 

Powered by Koha